Normal view
MARC view
- العامري، رشاد نعمان شايع
Entry Personal Name
001 - CONTROL NUMBER
- control field: 43919
003 - CONTROL NUMBER IDENTIFIER
- control field: JO-AjAnu
005 - DATE AND TIME OF LATEST TRANSACTION
- control field: 20230606081257.0
008 - FIXED-LENGTH DATA ELEMENTS
- fixed length control field: 230606|| aca||aabn | a|a d
040 ## - CATALOGING SOURCE
- Original cataloging agency: JO-AjAnu
- Transcribing agency: JO-AjAnu
100 ## - HEADING--PERSONAL NAME
- Personal name: العامري، رشاد نعمان شايع
670 ## - SOURCE DATA FOUND
- Source citation: Work cat.: (JO-AjAnu)22488: العامري، رشاد نعمان شايع, author, الخدمات المصرفية الائتمانية في البنوك الاسلامية : دراسة مقارنة في القانون والفقه الاسلامي